000 01333pam a2200385 a 4500
999 _c7030
_d7030
001 7030
003 BD-JhCC
005 20180417090242.0
008 860725s1987 paua b 001 0 eng c
020 _a0397546343 (pbk.)
035 _a(BD-JhCC)7030
040 _aDNLM/DLC
_cDLC
_dDLC
041 _aeng
050 0 0 _aRJ249
_b.C485 1987
060 _aWS 105.5.A8 C53615
082 0 0 _a155.9/37
_219
_bCHI 1987
245 0 4 _aThe Child and family facing life-threatening illness :
_ba tribute to Eugenia Waechter /
_cedited by Tamar Krulik, Bonnie Holaday, Ida M. Martinson ; with contributors ; foreword by Margretta Styles.
260 _aPhiladelphia :
_bLippincott,
_cc1987.
300 _axiii, 396 p. :
_bill. ;
_c24 cm.
504 _aIncludes bibliographies and index.
650 0 _aTerminally ill children
_xPsychology.
650 0 _aChildren and death.
650 0 _aDeath
_xPsychological aspects.
650 0 _aTerminally ill children
_xFamily relationships.
650 2 _aAttitude to Death.
650 2 _aDeath
_xin infancy & childhood.
650 2 _aTerminal Care
_xin infancy & childhood.
650 2 _aTerminal Care
_xpsychology.
700 1 _aWaechter, Eugenia H.
700 1 _aKrulik, Tamar.
700 1 _aHoladay, Bonnie.
700 1 _aMartinson, Ida Marie,
_d1936-
942 _2ddc
_cBK